Clic Les conjoints des souverains britanniques (depuis 1707) - Statistiques

Statistiques générales
  • Ce quiz a été pris 3 fois
  • Le résultat moyen est 5 sur 11
Statistiques - réponses
Hint Réponse % Correct
Georges de Danemark Anne Stuart
100%
Charlotte de Mecklembourg-Strelitz George III
100%
Alexandra de Danemark Édouard VII
50%
Philip Mountbatten Élisabeth II
50%
Caroline de Brunswick George IV
50%
Mary de Teck George V
50%
Elizabeth Bowes-Lyon George VI
50%
Albert de Saxe-Cobourg-Gotha Victoria
50%
Camilla Shand Charles III
0%
Caroline d'Ansbach George II
0%
Adélaïde de Saxe-Meiningen Guillaume IV
0%
Aucun quiz correspondant
Distribution des résultats
% des personnes avec chaque résultat
Percentile par nombre de réponses
Votre historique - résultats
Vous n’avez pas pris ce quiz